The long-legged house /

Bibliographic Details
Main Author: Berry, Wendell, 1934-
Format: Book
Language:English
Published: New York : Audubon Society, 1971
Series:An Audubon/Ballatine book
Subjects:

MARC

Tag First Indicator Second Indicator Subfields
LEADER 00000cam a2200000 i 4500
001 in00000009318
005 20151007051524.0
008 791015c1969 nyu 00010 eng d
010 |a  69012028  
035 |a (OCoLC)05525916 
035 |9 AAA3401AM 
040 |a OKE  |c OKE  |d m.c.  |d TXA  |d UtOrBLW 
049 |a TXAM  |c [A12603950] 
050 4 |a PS3552.E75  |b L6 1971 
100 1 |a Berry, Wendell,  |d 1934- 
245 1 4 |a The long-legged house /  |c Wendell Berry. 
264 1 |a New York :  |b Audubon Society,  |c 1971 
264 4 |c ©1969 
300 |a 213 pages ;  |c 18 cm. 
336 |a text  |b txt  |2 rdacontent 
337 |a unmediated  |b n  |2 rdamedia 
338 |a volume  |b nc  |2 rdacarrier 
490 0 |a An Audubon/Ballatine book 
500 |a Essays. 
650 0 |a Social problems. 
999 |a MARS 
999 f f |s 2e2b07e3-f4eb-39e9-97e7-d3fbfb18ef65  |i d008d100-9e2a-3bb2-98f1-1e6e5bc03f92  |t 0 
952 f f |p ric  |a Texas A&M University  |b Rellis Campus  |c Joint Library Facility  |d Remote Storage  |t 0  |e PS3552.E75 L6 1971  |h Library of Congress classification  |i unmediated -- volume  |m A14812603950 
998 f f |a PS3552.E75 L6 1971  |t 0  |l Remote Storage